A woman's place (Record no. 590)
[ view plain ]
| 000 -LEADER | |
|---|---|
| fixed length control field | 00513nam a22001817a 4500 |
| 003 - CONTROL NUMBER IDENTIFIER | |
| control field | OSt |
| 005 - DATE AND TIME OF LATEST TRANSACTION | |
| control field | 20260106140938.0 |
| 008 - FIXED-LENGTH DATA ELEMENTS--GENERAL INFORMATION | |
| fixed length control field | 260106b |||||||| |||| 00| 0 eng d |
| 020 ## - INTERNATIONAL STANDARD BOOK NUMBER | |
| International Standard Book Number | 9781787386075 |
| 040 ## - CATALOGING SOURCE | |
| Original cataloging agency | NIRU |
| Language of cataloging | EN |
| Transcribing agency | NIRU |
| 050 ## - LIBRARY OF CONGRESS CALL NUMBER | |
| Classification number | HV 6432 |
| Item number | .65 2020 |
| 100 ## - MAIN ENTRY--PERSONAL NAME | |
| Personal name | Cook, Joana |
| Relator term | [Author] |
| 245 ## - TITLE STATEMENT | |
| Title | A woman's place |
| Remainder of title | US counterterrorism since 9/11 |
| Statement of responsibility, etc. | Joan Cook |
| 260 ## - PUBLICATION, DISTRIBUTION, ETC. | |
| Place of publication, distribution, etc. | London |
| Name of publisher, distributor, etc. | C hurst & co. publishers ltd |
| Date of publication, distribution, etc. | 2021 |
| 300 ## - PHYSICAL DESCRIPTION | |
| Extent | 560 p. |
| 650 ## - SUBJECT ADDED ENTRY--TOPICAL TERM | |
| Topical term or geographic name entry element | women |
| Form subdivision | counterterrorism |
| Geographic subdivision | US |
| 942 ## - ADDED ENTRY ELEMENTS (KOHA) | |
| Source of classification or shelving scheme | Library of Congress Classification |
| Koha item type | Books |
| Suppress in OPAC | No |
| Withdrawn status | Lost status | Source of classification or shelving scheme | Damaged status | Not for loan | Home library | Current library | Shelving location | Date acquired | Source of acquisition | Total checkouts | Full call number | Barcode | Date last seen | Price effective from | Koha item type |
|---|---|---|---|---|---|---|---|---|---|---|---|---|---|---|---|
| Library of Congress Classification | NIRU LIBRARY | NIRU LIBRARY | General stacks | 01/06/2026 | Depository | HV 6432 .C65 2020 | 2026-0002 | 01/06/2026 | 01/06/2026 | Books |
